Score 0/104 Timer 16:00
0 Plays Today
County Township % Correct
EssexNewark
83.3%
BergenBergen
78.1%
HunterdonTrenton
73.3%
MorrisMorris
72.4%
GloucesterNewton
70.5%
Cape MayMiddle
69%
EssexElizabeth
67.1%
BurlingtonBurlington
65.2%
SalemSalem
64.3%
MorrisWashington
63.8%
MonmouthDover
62.4%
SomersetFranklin
62.4%
BergenFranklin
62.4%
GloucesterGloucester
60.5%
MonmouthFreehold
59.5%
Cape MayUpper
58.1%
MiddlesexPerth Amboy
56.7%
BurlingtonNottingham
56.2%
Cape MayLower
55.7%
MonmouthMiddletown
55.7%
MiddlesexWoodbridge
53.8%
SomersetBridgewater
52.4%
BergenHackensack
48.6%
MiddlesexSouth Amboy
46.7%
MiddlesexNorth Brunswick
45.7%
SussexVernon
45.7%
GloucesterEgg-Harbour
43.8%
MiddlesexSouth Brunswick
43.8%
SussexNewton
42.9%
MiddlesexPiscataway
42.9%
BurlingtonChester
42.4%
MonmouthShrewsbury
42.4%
HunterdonMaidenhead
41.9%
BurlingtonNorthampton
41.4%
BurlingtonSpringfield
41.4%
County Township % Correct
EssexSpringfield
41.4%
EssexCaldwell
40.5%
SomersetHillsborough
39.5%
CumberlandHopewell
39.5%
HunterdonHopewell
39.5%
SomersetBernard
39%
EssexAcquackanonk
38.6%
MiddlesexEast Windsor
38.6%
SalemLower Alloway's Creek
38.6%
CumberlandGreenwich
38.1%
GloucesterGreenwich
38.1%
SussexGreenwich
38.1%
SussexMontague
38.1%
MiddlesexWest Windsor
38.1%
SalemLower Penn's Neck
37.6%
SomersetMontgomery
37.6%
HunterdonAmwell
36.2%
SomersetBedminster
36.2%
MonmouthUpper Freehold
36.2%
SalemUpper Alloway's Creek
35.7%
GloucesterDeptford
35.2%
CumberlandFairfield
35.2%
MorrisMendham
34.8%
MorrisPequanack
34.8%
SussexWantage
34.8%
HunterdonReadingtown
34.3%
EssexWestfield
34.3%
MorrisHanover
32.9%
SalemUpper Penn's Neck
32.9%
MorrisRoxbury
32.4%
HunterdonTewksbury
32.4%
BurlingtonChesterfield
31.9%
BurlingtonLittle Egg-Harbour
31.9%
CumberlandMaurice River
31.9%
BurlingtonEvesham
31.4%
County Township % Correct
GloucesterGalloway
31.4%
SalemPilesgrove
30.5%
SalemPittsgrove
30.5%
HunterdonAlexandria
30%
MonmouthStafford
30%
SussexHardyston
29.5%
BurlingtonWillingborough
29.5%
CumberlandDowne
28.6%
BurlingtonMansfield
28.1%
SussexMansfield
28.1%
BergenSaddle River
28.1%
SussexWalpack
28.1%
CumberlandDeerfield
27.6%
SussexByram
27.1%
HunterdonLebanon
27.1%
SalemElsinboro
26.2%
BergenNew Barbadoes
26.2%
SussexSandyston
26.2%
HunterdonKingwood
25.7%
GloucesterGloucestertown
24.8%
BurlingtonNew Hanover
24.8%
BergenPompton
24.8%
GloucesterWoolwich
24.3%
HunterdonBethlehem
23.8%
SussexIndependence
23.8%
SalemMannington
23.8%
GloucesterWaterford
23.8%
GloucesterWeymouth
23.8%
SussexHardwick
23.3%
SussexOxford
23.3%
CumberlandStoe Creek
23.3%
SussexKnowlton
22.9%
SussexFrankford
21.4%
BergenHarrington
21.4%
Remove Ads.
Support Sporcle.
Get the best of Sporcle when you Go Orange. This ad-free experience offers more features, more stats, and more fun while also helping to support Sporcle. Thank you for becoming a member.

You're not logged in!

Compare scores with friends on all Sporcle quizzes.
OR
Log In

Show Comments

Extras

Top Quizzes Today


Score Distribution

Your Account Isn't Verified!

In order to create a playlist on Sporcle, you need to verify the email address you used during registration. Go to your Sporcle Settings to finish the process.

Report this User

Report this user for behavior that violates our Community Guidelines.

Details: